|
|
|
|
| LEADER |
00000nam2a2200000 4500 |
| 001 |
251732 |
| 005 |
20231101232701.0 |
| 020 |
|
|
|a RU
|b 91-1639ж
|
| 035 |
|
|
|a (RuTPU)RU\TPU\book\274041
|
| 035 |
|
|
|a RU\TPU\book\183046
|
| 090 |
|
|
|a 251732
|
| 100 |
|
|
|a 20140224d1989 k y0rusy5003 ca
|
| 101 |
0 |
|
|a rus
|
| 102 |
|
|
|a RU
|
| 105 |
|
|
|a a z 001zy
|
| 200 |
0 |
|
|a Вып. 20
|
| 210 |
|
|
|d 1989
|
| 215 |
|
|
|a 120 с.
|c ил.
|
| 320 |
|
|
|a Библиография в конце статей
|
| 461 |
|
1 |
|0 (RuTPU)RU\TPU\book\200085
|t Вопросы физического воспитания студентов
|o межвузовский сборник
|f Ленинградский государственный университет (ЛГУ) ; отв. ред. В. Е. Борилкевич
|v Вып. 20
|d 1964-1992
|
| 606 |
1 |
|
|a Физическое воспитание в высшей школе
|2 stltpush
|3 (RuTPU)RU\TPU\subj\63848
|9 80781
|
| 610 |
1 |
|
|a высшая школа
|
| 610 |
1 |
|
|a физическое воспитание
|
| 610 |
1 |
|
|a учебные процессы
|
| 610 |
1 |
|
|a методы
|
| 610 |
1 |
|
|a средства
|
| 610 |
1 |
|
|a организация
|
| 610 |
1 |
|
|a спортивная тренировка
|
| 610 |
1 |
|
|a медико-биологические проблемы
|
| 801 |
|
0 |
|a RU
|b 63413507
|c 19950417
|g psbo
|
| 801 |
|
1 |
|a RU
|b 63413507
|c 20091031
|
| 801 |
|
2 |
|a RU
|b 63413507
|c 20180202
|g RCR
|
| 942 |
|
|
|c BK
|